| 000 | 00615nam a22001937a 4500 | ||
|---|---|---|---|
| 005 | 20161104150312.0 | ||
| 010 | _aENG-116426 | ||
| 020 |
_a9788179104743 _c800.00 |
||
| 035 | _aEN-99958 | ||
| 037 | _bDBAD/PUB | ||
| 082 | _a352.480954 | ||
| 100 | _aShah,Mita Ashish | ||
| 245 |
_aGender budgeting : _cby Mita Ashish Shah _bcontemporary Issues and remedies / |
||
| 260 |
_aJaipur _bAavishkar Publishers, Didtributors _c2014 |
||
| 270 |
_a807,Vyas Building,Chaura Rasta _bJaipur(Raj) _e300003 |
||
| 300 |
_avi,192p. _c21cm(Hb) |
||
| 500 | _aIncludes index | ||
| 942 |
_2ddc _cEN _h352.480954 _mSHA |
||
| 999 |
_c104469 _d104469 |
||